A katonaság

Správa o rokovaní na mimoriadnom zasadnutí obecného zastupiteľstva vo veci preloženia jazdeckej stotiny do Michaloviec. O podrobnostiach preloženia a podmienkach bude rokovať s veliteľstvom VI.vojenského zboru gróf Sándor Sztáray.

Podrobná bibliografia
Médium: Článok
Jazyk:Hungarian
Témy:
Zdroj: 1. Felsö-Zemplén 1. Roč. 9, č. 47 (01.12.1904) s. 3
LEADER 00926nab#a2200301#ar4500
001 000076469
003 SVKKK
005 20050809xxxxxxx.
008 06 c xo huno
FMT
038 |a SVKKK 
040 |a SVKKK  |b slo  |e AACR2 
041 0 |a hun 
044 |a xo  |c SK 
080 |a 355 
242 1 0 |a Vojsko 
245 0 0 |a A katonaság 
500 |a Ex/Ro-75 
520 2 |a Správa o rokovaní na mimoriadnom zasadnutí obecného zastupiteľstva vo veci preloženia jazdeckej stotiny do Michaloviec. O podrobnostiach preloženia a podmienkach bude rokovať s veliteľstvom VI.vojenského zboru gróf Sándor Sztáray. 
650 0 4 |a vojsko - oddiel jazdecký - rokovania - Michalovce - rok 1904 - správy 
773 0 |t Felsö-Zemplén  |g Roč. 9, č. 47 (01.12.1904) s. 3 
957 |a Michalovce 
958 |a DG 
958 |a SK 
974 |a zuz  |d 20050809 
992 |a RBX 
BAS
998 |a RETRO